01723nam a2200349 a 4500001001200000003000800012006001900020007001500039008004100054020001800095020001500113040002100128035002100149043002100170050002700191245031000218260005500528300002200583504004100605533015200646650005500798650006600853651007700919655002900996700002301025700002501048710006001073710008001133710001701213856012601230999001701356ebr10235158CaPaEBRm u cr cn|||||||||081103s2008 dcua sb 100 0 eng d z9780309120142 z0309120144 aCaPaEBRcCaPaEBR a(OCoLC)320326297 azo-----an-us---14aTL789.8.U5bU55 2008eb00aUnited States civil space policyh[electronic resource] :bsummary of a workshop /cMolly K. Macauley and Joseph K. Alexander, rapporteurs ; Space Studies Board and Aeronautics and Space Engineering Board, Division on Engineering and Physical Sciences, National Research Council of the National Academies. aWashington, D.C. :bNational Academy Press,c2008. axi, 30 p. :bill. aIncludes bibliographical references. aElectronic reproduction.bPalo Alto, Calif. :cebrary,d2009.nAvailable via World Wide Web.nAccess may be limited to ebrary affiliated libraries. 0aAstronautics and statezUnited StatesvCongresses. 0aPrivate flyingxGovernment policyzUnited StatesvCongresses. 0aOuter spacexCivilian usexGovernment policyzUnited StatesvCongresses. 7aElectronic books.2local1 aMacauley, Molly K.1 aAlexander, Joseph K.2 aNational Research Council (U.S.).bSpace Studies Board.2 aNational Research Council (U.S.).bAeronautics and Space Engineering Board.2 aebrary, Inc.40uhttp://site.ebrary.com/lib/rucke/Doc?id=10235158zAn electronic book accessible through the World Wide Web; click to view c38702d38702